General Knowledge With Pictures #1 - Statistics

General Stats
  • This quiz has been taken 226 times
  • The average score is 9 of 15
Answer Stats
Picture Hint Answer % Correct
Honolulu is the capital of... Hawaiian
88%
Country starts with O. Oman
88%
If women = XX, men = ... XY
85%
What city did she die in? Paris
71%
Jack traded this for magic beans. Cow
68%
Type of fragrance, German city Cologne
66%
Fastest land bird is... Ostrich
64%
Flanders = part of what country? Belgium
63%
First Pixar movie? Toy Story
60%
Born in Stratford-upon-Avon. William Shakespeare
60%
Shamrocks come from ______. Clover
56%
Australian sings 'Chandelier' Sia
54%
What animal? Robin
45%
"annus horriblis" in English? Horrible Year
42%
NH3 Ammonia
32%
No matching quizzes found
Score Distribution
Percent of People with Each Score
Percentile by Number Answered
Your Score History
You have not taken this quiz